U.S. Reps Representing the Most People - Statistics

General Stats
  • This quiz has been taken 4 times
    3 since last reset
  • The average score is 64 of 431
Answer Stats
CD Population Cook PVI Representative % Correct
IL-7 732,352 D+34 Danny Davis
100%
NC-1 754,008 R+1 Don Davis
100%
WA-9 765,854 D+22 Adam Smith
67%
NE-3 654,369 R+27 Adrian Smith
67%
NY-14 740,563 D+19 Alexandria Ocasio-Cortez
67%
TX-9 764,812 D+24 Al Green
67%
MD-1 782,957 R+8 Andy Harris
67%
GA-3 793,606 R+15 Brian Jack
67%
FL-19 809,197 R+14 Byron Donalds
67%
NJ-4 795,843 R+14 Chris Smith
67%
TX-2 839,055 R+12 Dan Crenshaw
67%
CA-47 754,022 D+3 Dave Min
67%
SD 919,318 R+15 Dusty Johnson
67%
NY-8 740,016 D+24 Hakeem Jeffries
67%
GA-4 764,506 D+27 Hank Johnson
67%
MN-5 702,050 D+32 Ilhan Omar
67%
MO-8 782,602 R+27 Jason Smith
67%
CA-34 714,948 D+28 Jimmy Gomez
67%
TX-20 768,443 D+12 Joaquin Castro
67%
IL-1 751,575 D+18 Jonathan Jackson
67%
TX-32 762,001 D+13 Julie Johnson
67%
OK-1 812,312 R+11 Kevin Hern
67%
FL-15 828,431 R+5 Laurel Lee
67%
NC-8 776,092 R+10 Mark Harris
67%
CA-43 716,670 D+27 Maxine Waters
67%
LA-4 757,390 R+26 Mike Johnson
67%
UT-3 818,995 R+10 Mike Kennedy
67%
TX-15 799,844 R+7 Monica De La Cruz
67%
CA-11 701,735 D+36 Nancy Pelosi
67%
GA-5 774,627 D+36 Nikema Williams
67%
NY-18 784,352 D+2 Pat Ryan
67%
GA-12 779,898 R+7 Rick Allen
67%
TX-25 813,686 R+18 Roger Williams
67%
TX-13 790,888 R+24 Ronny Jackson
67%
SC-7 779,771 R+12 Russell Fry
67%
CA-50 781,251 D+16 Scott Peters
67%
OH-11 772,345 D+28 Shontel Brown
67%
PA-12 752,466 D+10 Summer Lee
67%
NV-3 796,395 D+1 Susie Lee
67%
NJ-7 778,678 Even Thomas Kean Jr.
67%
NY-26 768,744 D+11 Tim Kennedy
67%
CA-13 784,322 R+1 Adam Gray
33%
NC-12 772,165 D+24 Alma Adams
33%
NY-2 777,290 R+6 Andrew Garbarino
33%
FL-13 767,679 R+5 Anna Paulina Luna
33%
GA-8 778,270 R+15 Austin Scott
33%
AL-1 735,510 R+27 Barry Moore
33%
MS-2 701,580 D+11 Bennie Thompson
33%
UT-1 855,830 R+10 Blake Monroe
33%
VA-3 773,212 D+18 Bobby Scott
33%
NJ-12 770,752 D+13 Bonnie Watson Coleman
33%
CA-32 760,602 D+17 Brad Sherman
33%
PA-2 713,964 D+19 Brendan Boyle
33%
TX-36 789,655 R+18 Brian Babin
33%
WI-1 730,388 R+2 Bryan Steil
33%
GA-1 799,549 R+8 Buddy Carter
33%
FL-28 765,111 R+10 Carlos Gimenez
33%
IL-4 704,764 D+17 Chuy Garcia
33%
NY-24 767,751 R+11 Claudia Tenney
33%
CA-48 740,583 R+7 Darrell Issa
33%
FL-9 842,005 D+4 Darren Soto
33%
AZ-1 804,256 R+1 David Schweikert
33%
GA-13 773,905 D+21 David Scott
33%
OH-2 787,945 R+24 David Taylor
33%
CA-22 774,942 R+1 David Valadao
33%
MI-6 764,009 D+12 Debbie Dingell
33%
CA-45 737,224 D+1 Derek Tran
33%
WI-3 739,552 R+3 Derrick Van Orden
33%
CA-7 762,568 D+16 Doris Matsui
33%
CA-1 755,464 R+12 Doug LaMalfa
33%
PA-3 768,800 D+40 Dwight Evans
33%
NY-21 767,195 R+10 Elise Stefanik
33%
CA-14 725,962 D+20 Eric Swalwell
33%
FL-24 772,726 D+18 Frederica Wilson
33%
CO-8 740,576 Even Gabe Evans
33%
CA-27 736,850 D+3 George Whitesides
33%
WI-6 738,802 R+8 Glenn Grothman
33%
PA-15 750,180 R+19 Glenn Thompson
33%
NY-6 706,077 D+6 Grace Meng
33%
TX-35 834,055 D+19 Greg Casar
33%
NC-3 768,524 R+10 Greg Murphy
33%
NY-5 737,913 D+24 Gregory Meeks
33%
WI-4 719,795 D+26 Gwen Moore
33%
MI-11 769,154 D+9 Haley Stevens
33%
CT-5 722,450 D+3 Jahana Hayes
33%
TX-30 772,920 D+25 Jasmine Crockett
33%
CO-6 730,351 D+11 Jason Crow
33%
OH-4 803,311 R+18 Jim Jordan
33%
TX-19 771,186 R+25 Jodey Arrington
33%
NY-25 766,396 D+10 Joe Morelle
33%
SC-2 755,004 R+7 Joe Wilson
33%
CT-1 716,454 D+12 John B. Larson
33%
TX-31 868,119 R+11 John Carter
33%
NY-19 769,461 D+1 Josh Riley
33%
CA-52 740,517 D+13 Juan Vargas
33%
CA-28 746,863 D+15 Judy Chu
33%
CA-26 739,517 D+8 Julia Brownley
33%
MA-5 776,923 D+24 Katherine Clark
33%
MN-3 699,786 D+11 Kelly Morrison
33%
CA-3 788,130 R+2 Kevin Kiley
33%
CA-12 734,171 D+39 Lateefah Simon
33%
CA-30 745,825 D+22 Laura Friedman
33%
CO-4 767,791 R+9 Lauren Boebert
33%
CA-38 723,495 D+10 Linda Sanchez
33%
TX-37 765,870 D+26 Lloyd Doggett
33%
CA-46 746,079 D+11 Lou Correa
33%
CA-29 719,359 D+20 Luz Rivas
33%
OH-9 776,106 R+3 Marcy Kaptur
33%
IA-1 798,244 R+4 Mariannette Miller-Meeks
33%
WA-3 792,906 R+2 Marie Gluesenkamp Perez
33%
GA-14 796,193 R+19 Marjorie Taylor Greene
33%
WI-2 747,345 D+21 Mark Pocan
33%
CA-39 767,217 D+7 Mark Takano
33%
ID-2 955,765 R+13 Mike Simpson
33%
CA-4 761,543 D+17 Mike Thompson
33%
OH-10 784,462 R+3 Mike Turner
33%
NJ-11 775,849 D+5 Mikie Sherrill
33%
TX-8 868,181 R+16 Morgan Luttrell
33%
SC-1 776,842 R+6 Nancy Mace
33%
NY-1 775,252 R+4 Nick LaLota
33%
NY-23 764,335 R+10 Nick Langworthy
33%
NY-11 753,280 R+10 Nicole Malliotakis
33%
CA-25 779,900 D+3 Paul Ruiz
33%
SC-5 771,387 R+11 Ralph Norman
33%
MI-12 740,559 D+21 Rashida Tlaib
33%
MA-1 767,012 D+8 Richard Neal
33%
WA-2 781,299 D+12 Rick Larson
33%
WV-2 903,697 R+20 Riley Moore
33%
CA-42 711,011 D+18 Robert Garcia
33%
DE 1,031,890 D+8 Sarah McBride
33%
WI-5 746,152 R+11 Scott Fitzgerald
33%
FL-18 853,391 R+14 Scott Franklin
33%
KS-3 749,221 D+2 Sharice Davids
33%
LA-1 770,713 R+19 Steve Scalise
33%
TX-29 740,677 D+12 Sylvia Garcia
33%
CA-36 742,266 D+21 Ted Lieu
33%
NC-14 790,986 R+8 Tim Moore
33%
OK-4 808,026 R+17 Tom Cole
33%
MN-6 747,036 R+10 Tom Emmer
33%
NY-3 760,691 Even Tom Suozzi
33%
WI-7 747,209 R+11 Tom Tiffany
33%
WI-8 741,712 R+8 Tony Wied
33%
LA-2 742,904 D+17 Troy Carter
33%
TX-16 766,538 D+11 Veronica Escobar
33%
TX-34 778,323 Even Vicente Gonzalez
33%
IN-5 781,999 R+8 Victoria Spartz
33%
CA-20 794,847 R+15 Vince Fong
33%
OH-8 786,259 R+12 Warren Davidson
33%
CA-40 755,867 R+1 Young Kim
33%
NY-9 725,054 D+22 Yvette Clarke
33%
FL-4 811,996 R+5 Aaron Bean
0%
AZ-8 800,203 R+8 Abraham Hamadeh
0%
NC-6 765,747 R+9 Addison McDowell
0%
NY-13 726,044 D+32 Adriano Espaillat
0%
CA-6 747,786 D+8 Ami Bera
0%
OR-6 716,584 D+6 Andrea Salinas
0%
IN-7 747,195 D+21 André Carson
0%
GA-9 810,092 R+17 Andrew Clyde
0%
KY-6 758,888 R+7 Andy Barr
0%
AZ-5 857,744 R+10 Andy Biggs
0%
TN-5 793,338 R+8 Andy Ogles
0%
MN-2 733,289 D+3 Angie Craig
0%
MO-2 764,420 R+4 Ann Wagner
0%
MD-6 799,719 D+3 April McClain Delaney
0%
IA-2 791,219 R+4 Ashley Hinson
0%
TX-11 790,592 R+22 August Pfluger
0%
MA-7 744,098 D+34 Ayanna Pressley
0%
GA-11 791,779 R+12 Barry Loudermilk
0%
VT 647,464 D+17 Becca Balint
0%
VA-6 794,509 R+12 Ben Cline
0%
TX-24 784,279 R+7 Beth Van Duyne
0%
MN-4 699,739 D+18 Betty McCollum
0%
IL-11 761,048 D+6 Bill Foster
0%
MI-4 777,277 R+3 Bill Huizenga
0%
MA-9 787,631 D+6 Bill Keating
0%
OH-5 790,574 R+14 Bob Latta
0%
MO-3 781,181 R+13 Bob Onder
0%
MN-1 713,000 R+6 Brad Finstad
0%
NC-13 799,277 R+8 Brad Knott
0%
IL-10 746,076 D+12 Brad Schneider
0%
TX-26 854,717 R+11 Brandon Gill
0%
KY-2 775,707 R+20 Brett Guthrie
0%
PA-1 763,720 D+1 Brian Fitzpatrick
0%
FL-21 820,276 R+7 Brian Mast
0%
CO-7 726,989 D+8 Brittany Pettersen
0%
AR-4 743,985 R+20 Bruce Westerman
0%
UT-4 885,524 R+14 Burgess Owens
0%
WV-1 866,374 R+22 Carol Miller
0%
UT-2 857,385 R+10 Celeste Maloy
0%
ME-1 700,340 D+11 Chellie Pingree
0%
TX-21 839,290 R+11 Chip Roy
0%
PA-17 749,982 D+3 Chris Deluzio
0%
NH-1 697,7780 D+2 Chris Pappas
0%
PA-6 777,885 D+6 Chrissy Houlahan
0%
NC-11 763,974 R+5 Chuck Edwards
0%
TN-3 798,804 R+18 Chuck Fleischmann
0%
LA-3 762,638 R+22 Clay Higgins
0%
LA-6 785,323 D+8 Cleo Fields
0%
OR-2 704,844 R+14 Cliff Bentz
0%
FL-7 802,027 R+5 Cory Mills
0%
TX-12 849,835 R+11 Craig Goldman
0%
AL-5 758,622 R+15 Dale Strong
0%
NY-10 719,080 D+32 Dan Goldman
0%
FL-11 843,676 R+8 Daniel Webster
0%
PA-9 765,968 R+19 Dan Meuser
0%
WA-4 786,057 R+10 Dan Newhouse
0%
IL-16 755,171 R+11 Darin LaHood
0%
OH-14 784,185 R+9 Dave Joyce
0%
TN-8 773,599 R+21 David Kustoff
0%
NC-7 794,214 R+7 David Rouzer
0%
FL-25 779,002 D+5 Debbie Wasserman Schultz
0%
NC-2 784,882 D+17 Deborah Ross
0%
IL-3 720,148 D+17 Delia Ramirez
0%
KS-2 725,930 R+10 Derek Schmidt
0%
CO-1 722,087 D+29 Diana DeGette
0%
TN-1 788,014 R+29 Diana Harshbarger
0%
NV-1 788,277 D+2 Dina Titus
0%
NJ-1 777,528 D+10 Donald Norcross
0%
NE-2 664,285 D+3 Don Bacon
0%
VA-8 769,124 D+26 Don Beyer
0%
HI-1 723,269 D+13 Ed Case
0%
AZ-2 833,298 R+7 Eli Crane
0%
MO-5 760,843 D+12 Emanuel Gleaver
0%
OH-13 781,848 Even Emilia Sykes
0%
WA-6 785,859 D+10 Emily Randall
0%
MO-7 790,923 R+21 Eric Burlison
0%
IL-17 728,697 D+3 Eric Sorensen
0%
IN-9 760,959 R+15 Erin Houchin
0%
VA-7 814,164 D+2 Eugene Vindman
0%
IN-1 757,933 D+1 Frank J. Mrvan
0%
OK-3 803,437 R+23 Frank Lucas
0%
NJ-6 766,057 D+5 Frank Pallone
0%
AR-2 774,027 R+8 French Hill
0%
RI-1 536,470 D+12 Gabe Amo
0%
NM-2 710,078 Even Gabe Vasquez
0%
AL-6 722,381 R+20 Gary Palmer
0%
NY-16 765,060 D+18 George Latimer
0%
CA-31 717,084 D+10 Gil Cisneros
0%
MD-4 723,299 D+39 Glenn Ivey
0%
OH-1 796,831 D+3 Greg Landsman
0%
AZ-4 814,381 D+4 Greg Stanton
0%
FL-17 851,634 R+11 Greg Steube
0%
FL-12 843,806 R+17 Gus Bilirakis
0%
PA-14 753,602 R+17 Guy Reschenthaler
0%
KY-5 738,681 R+32 Hal Rogers
0%
WY 584,057 R+23 Harriet Hageman
0%
TX-28 799,580 R+2 Henry Cuellar
0%
NJ-3 782,374 D+5 Herb Conaway
0%
MI-3 771,917 D+4 Hilary Scholten
0%
MI-1 786,329 R+11 Jack Bergman
0%
MA-4 783,039 D+11 Jake Auchincloss
0%
TX-6 814,141 R+14 Jake Ellzey
0%
KY-1 750,693 R+23 James Comer
0%
MD-8 771,551 D+30 Jamie Raskin
0%
OR-5 709,945 D+4 Janelle Bynum
0%
IL-9 742,949 D+19 Jan Schakowsky
0%
ME-2 695,382 R+4 Jared Golden
0%
CA-2 743,918 D+24 Jared Huffman
0%
FL-23 780,374 D+2 Jared Moskowitz
0%
CA-23 768,047 R+8 Jay Obernolte
0%
CO-5 737,347 R+5 Jeff Crank
0%
IN-6 764,477 R+16 Jefferson Shreve
0%
CO-3 730,686 R+5 Jeff Hurd
0%
NJ-2 786,799 R+5 Jeff Van Drew
0%
VA-2 789,864 Even Jen Kiggans
0%
VA-4 796,240 D+17 Jennifer McClellan
0%
NY-12 734,996 D+33 Jerry Nadler
0%
HI-2 711,869 D+12 Jill Tokuda
0%
IN-4 778,072 R+15 Jim Baird
0%
SC-6 755,258 D+13 Jim Clyburn
0%
CA-21 749,912 D+4 Jim Costa
0%
CT-4 721,814 D+13 Jim Himes
0%
MA-2 798,884 D+13 Jim McGovern
0%
CA-19 725,878 D+18 Jimmy Panetta
0%
FL-1 803,679 R+18 Jimmy Patronis
0%
CT-2 730,400 D+4 Joe Courtney
0%
CO-2 721,783 D+20 Joe Neguse
0%
CA-8 752,009 D+24 John Garamendi
0%
MI-10 769,945 R+3 John James
0%
PA-13 765,875 R+23 John Joyce
0%
NY-22 762,999 D+4 John Mannion
0%
VA-5 798,327 R+6 John McGuire
0%
MI-2 791,423 R+15 John Moolenaar
0%
MD-2 767,891 D+10 Johnny Olszewski
0%
TN-6 796,534 R+17 John Rose
0%
FL-5 837,211 R+10 John Rutherford
0%
OK-2 811,280 R+28 Josh Brecheen
0%
NJ-5 767,729 D+2 Josh Gottheimer
0%
CA-9 770,568 D+1 Josh Harder
0%
OH-3 784,597 D+21 Joyce Beatty
0%
AZ-6 813,933 Even Juan Ciscomani
0%
LA-5 754,781 R+18 Julia Letlow
0%
ND 783,926 R+18 Julie Fedorchak
0%
FL-3 807,523 R+10 Kat Cammack
0%
FL-14 784,928 D+5 Kathy Castor
0%
TX-3 872,647 R+10 Keith Self
0%
CA-41 811,664 R+2 Ken Calvert
0%
CA-15 721,009 D+26 Kevin Mullin
0%
WA-8 778,099 D+3 Kim Schrier
0%
MI-8 766,628 R+1 Kristen McDonald Rivet
0%
MD-7 744,512 D+31 Kweisi Mfume
0%
NJ-10 768,591 D+27 LaMonica McIver
0%
TX-5 827,361 R+13 Lance Gooden
0%
NY-4 767,277 D+2 Laura Gillen
0%
IL-14 755,370 D+3 Lauren Underwood
0%
MI-9 769,261 R+16 Lisa McClain
0%
TX-7 809,564 D+12 Lizzie Fletcher
0%
PA-11 773,134 R+11 Lloyd Smucker
0%
FL-22 773,713 D+4 Lois Frankel
0%
MA-3 767,022 D+11 Lori Trahan
0%
GA-6 797,492 D+25 Lucy McBath
0%
PA-4 781,948 D+8 Madeleine Dean
0%
NH-2 704,274 D+2 Maggie Goodlander
0%
TX-33 734,551 D+19 Marc Veasey
0%
FL-27 746,930 R+6 Maria Elvira Salazar
0%
WA-10 773,712 D+9 Marilyn Strickland
0%
FL-26 809,482 R+16 Mario Diaz-Balart
0%
MO-4 788,949 R+21 Mark Alford
0%
NV-2 793,631 R+7 Mark Amodei
0%
CA-10 746,449 D+18 Mark DeSaulnier
0%
IN-8 756,642 R+18 Mark Messmer
0%
IN-3 764,836 R+16 Marlin Stutzman
0%
PA-5 757,986 D+15 Mary Gay Scanlon
0%
IL-15 745,893 R+20 Mary Miller
0%
OR-3 681,430 D+24 Maxine Dexter
0%
OH-7 769,701 R+5 Max Miller
0%
FL-10 784,303 D+13 Maxwell Frost
0%
NM-1 705,390 D+7 Melanie Stansbury
0%
WA-5 788,598 R+5 Michael Baumgartner
0%
TX-27 779,431 R+14 Michael Cloud
0%
MS-3 740,675 R+14 Michael Guest
0%
TX-10 817,807 R+12 Michael McCaul
0%
OH-6 773,456 R+16 Michael Rulli
0%
MN-7 715,239 R+18 Michelle Fischbach
0%
IL-12 749,426 R+22 Mike Bost
0%
OH-15 790,183 R+4 Mike Carey
0%
GA-10 833,978 R+11 Mike Collins
0%
MS-4 751,794 R+21 Mike Ezell
0%
NE-1 659,725 R+6 Mike Flood
0%
FL-8 817,216 R+11 Mike Haridopolos
0%
PA-16 761,148 R+11 Mike Kelly
0%
NY-17 772,624 D+1 Mike Lawler
0%
CA-49 751,418 D+4 Mike Levin
0%
IL-5 754,102 D+19 Mike Quigley
0%
AL-3 730,373 R+23 Mike Rogers
0%
VA-9 776,692 R+22 Morgan Griffith
0%
KY-3 733,409 D+10 Morgan McGarvey
0%
CA-44 737,874 D+19 Nanette Barragán
0%
TX-1 785,535 R+25 Nathaniel Moran
0%
FL-2 799,012 R+8 Neal Dunn
0%
NJ-9 770,658 D+2 Nellie Pou
0%
AK 733,406 R+6 Nick Begich III
0%
IL-13 725,183 D+5 Nikki Budzinski
0%
CA-35 749,769 D+8 Norma Torres
0%
NY-7 720,452 D+25 Nydia Velázquez
0%
TX-4 845,835 R+16 Pat Fallon
0%
NC-10 774,062 R+9 Pat Harrigan
0%
AZ-9 881,306 R+15 Paul Gosar
0%
NY-20 783,546 D+8 Paul Tonko
0%
CA-33 763,598 D+7 Pete Aguilar
0%
TX-17 800,590 R+14 Pete Sessions
0%
MN-8 727,776 R+7 Pete Stauber
0%
WA-7 773,546 D+39 Pramila Jayapal
0%
IL-8 730,604 D+5 Raja Krishnamoorthi
0%
IA-4 796,302 R+15 Randy Feenstra
0%
FL-6 821,498 R+14 Randy Fine
0%
TX-14 778,849 R+17 Randy Weber
0%
NC-9 771,994 R+8 Richard Hudson
0%
GA-7 778,113 R+11 Rich McCormick
0%
AR-1 752,628 R+23 Rick Crawford
0%
NY-15 714,768 D+27 Ritchie Torres
0%
PA-8 764,570 R+4 Rob Bresnahan
0%
AL-4 722,049 R+33 Robert Aderholt
0%
IL-2 720,502 D+18 Robin Kelly
0%
NJ-8 749,983 D+15 Rob Menendez
0%
VA-1 814,127 R+3 Rob Wittman
0%
CA-17 744,019 D+21 Ro Khanna
0%
KS-4 739,147 R+12 Ron Estes
0%
CT-3 726,058 D+8 Rosa DeLauro
0%
IN-2 750,086 R+13 Rudy Yakym
0%
ID-1 1,008,961 R+22 Russ Fulcher
0%
PA-7 778,593 R+1 Ryan Mackenzie
0%
MT-1 576,553 R+5 Ryan Zinke
0%
CA-24 761,285 D+13 Salud Carbajal
0%
MO-6 785,446 R+19 Sam Graves
0%
CA-16 748,899 D+26 Sam Liccardo
0%
GA-2 757,219 D+4 Sanford Bishop
0%
MD-3 778,152 D+12 Sarah Elfreth
0%
CA-51 748,700 D+13 Sara Jacobs
0%
TN-4 808,625 R+21 Scott DesJarlais
0%
PA-10 781,862 R+3 Scott Perry
0%
IL-6 725,829 D+3 Sean Casten
0%
RI-2 559,492 D+4 Seth Magaziner
0%
MA-6 785,015 D+11 Seth Moulton
0%
FL-20 803,297 D+22 Sheila Cherfilus-McCormick
0%
SC-3 768,137 R+21 Sheri Biggs
0%
AL-2 724,401 D+5 Shomari Figures
0%
MI-13 773,276 D+22 Shri Thanedar
0%
MD-5 812,172 D+17 Steny Hoyer
0%
OK-5 818,949 R+9 Stephanie Bice
0%
MA-8 791,775 D+15 Stephen Lynch
0%
TN-9 747,578 D+23 Steve Cohen
0%
NV-4 815,873 D+2 Steven Horsford
0%
AR-3 797,092 R+13 Steve Womack
0%
VA-10 805,856 D+6 Suhas Subramanyam
0%
WA-1 786,950 D+15 Suzan DelBene
0%
OR-1 710,371 D+20 Suzanne Bonamici
0%
CA-37 735,660 D+33 Sydney Kamlager-Dove
0%
NM-3 698,903 D+3 Teresa Leger Fernandez
0%
AL-7 715,132 D+13 Terri Sewell
0%
KY-4 768,776 R+18 Thomas Massie
0%
TN-2 806,407 R+17 Tim Burchett
0%
MI-5 775,722 R+13 Tim Walberg
0%
MI-7 781,761 Even Tom Barrett
0%
CA-5 782,849 R+8 Tom McClintock
0%
TX-23 786,734 R+7 Tony Gonzales
0%
KS-1 726,249 R+16 Tracey Mann
0%
MS-1 745,641 R+18 Trent Kelly
0%
OH-12 804,132 R+16 Troy Balderson
0%
MT-2 556,259 R+15 Troy Downing
0%
TX-22 852,846 R+9 Troy Nehls
0%
NC-4 769,250 D+23 Valerie Foushee
0%
OR-4 710,184 D+6 Val Hoyle
0%
FL-16 850,603 R+7 Vern Buchanan
0%
NC-5 750,316 R+9 Virginia Foxx
0%
MO-1 741,792 D+29 Wesley Bell
0%
TX-38 796,788 R+10 Wesley Hunt
0%
SC-4 767,156 R+11 William Timmons
0%
AZ-3 814,391 D+22 Yassamin Ansari
0%
IA-3 821,239 R+2 Zach Nunn
0%
CA-18 743,048 D+17 Zoe Lofgren
0%
No matching quizzes found
Score Distribution
Percent of People with Each Score
Percentile by Number Answered
Your Score History
You have not taken this quiz since the last reset